00623nam a2200169 i 450000100060000000300090000600500170001500700030003200800410003510000370007624501070011326000320022030000300025285200320028299900170031495201220033196269ES-MaACL20230906181859.0t|050614s1969 sp ||||1| spa d1 aMagán Ortega, Julián.97544010aFísica y química b: tercer curso del grado de aprendizaje industrial / cJulián Magán Ortega. aLeón : bEverest, c1969. a204 p. : bil. ; c21 cm. aES-MaACLjC-48341 bR.71245 c96269d96269 00104070aATENEOMbATENEOMcDEPO2d2008-01-17eSCl0oC-48341p1100512r2023-02-23 00:00:00w2023-02-23yMONOGRAFIA